000 01224nam a2200325Ia 4500
001 ebr10201146
003 CaPaEBR
006 m u
007 cr cn|||||||||
008 060427s2006 enka sb 001 0 eng d
020 _z9781860946226
020 _z9781860949104
020 _z1860946224
040 _aCaPaEBR
_cCaPaEBR
035 _a(OCoLC)181209916
050 1 4 _aTJ223.P55
_bO38 2006eb
100 1 _aO'Dwyer, Aidan.
245 1 0 _aHandbook of PI and PID controller tuning rules
_h[electronic resource] /
_cAidan O'Dwyer.
250 _a2nd ed.
260 _aLondon :
_bImperial College Press,
_cc2006.
300 _axvii, 545 p. :
_bill.
500 _aPrevious ed.: London : World Scientific, 2003.
504 _aIncludes bibliographical references and index.
533 _aElectronic reproduction.
_bPalo Alto, Calif. :
_cebrary,
_d2009.
_nAvailable via World Wide Web.
_nAccess may be limited to ebrary affiliated libraries.
650 0 _aPID controllers.
650 0 _aAutomatic control.
655 7 _aElectronic books.
_2local
710 2 _aebrary, Inc.
856 4 0 _uhttp://site.ebrary.com/lib/rucke/Doc?id=10201146
_zAn electronic book accessible through the World Wide Web; click to view
999 _c223214
_d223214